<?xml version="1.0" encoding="UTF-8"?>
<record
    xmlns:xsi="http://www.w3.org/2001/XMLSchema-instance"
    xsi:schemaLocation="http://www.loc.gov/MARC21/slim http://www.loc.gov/standards/marcxml/schema/MARC21slim.xsd"
    xmlns="http://www.loc.gov/MARC21/slim">

  <leader>01057nam a2200277 a 4500</leader>
  <controlfield tag="001">47170</controlfield>
  <controlfield tag="003">BD-RjUL</controlfield>
  <controlfield tag="005">20211209054253.0</controlfield>
  <controlfield tag="008">160807r19981987bg a|||| |||| 001 0 ben d</controlfield>
  <datafield tag="020" ind1=" " ind2=" ">
    <subfield code="a">9840737368</subfield>
    <subfield code="c"> : TK 120.00</subfield>
  </datafield>
  <datafield tag="035" ind1=" " ind2=" ">
    <subfield code="a">(BD-RjUL)47289</subfield>
  </datafield>
  <datafield tag="040" ind1=" " ind2=" ">
    <subfield code="a">BD-RjUL</subfield>
    <subfield code="b">ben</subfield>
    <subfield code="c">BD-RjUL</subfield>
  </datafield>
  <datafield tag="041" ind1=" " ind2=" ">
    <subfield code="a">ben</subfield>
  </datafield>
  <datafield tag="082" ind1=" " ind2=" ">
    <subfield code="2">23</subfield>
    <subfield code="a">641</subfield>
    <subfield code="b">HUS 1998</subfield>
  </datafield>
  <datafield tag="100" ind1="1" ind2=" ">
    <subfield code="a">&#x9B9;&#x995;, &#x9A4;&#x9C8;&#x9AF;&#x9BC;&#x9AC;&#x9BE;</subfield>
    <subfield code="9">143641</subfield>
  </datafield>
  <datafield tag="245" ind1="1" ind2="0">
    <subfield code="a">&#x9B8;&#x9CD;&#x9AC;&#x9BE;&#x9B8;&#x9CD;&#x9A5;&#x9CD;&#x9AF;, &#x996;&#x9BE;&#x9A6;&#x9CD;&#x9AF; &#x993; &#x9B0;&#x9BE;&#x9A8;&#x9CD;&#x9A8;&#x9BE; /</subfield>
    <subfield code="c"> &#x9A4;&#x9C8;&#x9AF;&#x9BC;&#x9AC;&#x9BE; &#x9B9;&#x995;</subfield>
  </datafield>
  <datafield tag="250" ind1=" " ind2=" ">
    <subfield code="a">&#x9E9;&#x9AF;&#x9BC; &#x9B8;&#x982;</subfield>
  </datafield>
  <datafield tag="260" ind1=" " ind2=" ">
    <subfield code="a">&#x9A2;&#x9BE;&#x995;&#x9BE; :</subfield>
    <subfield code="b">&#x9AC;&#x9BE;&#x982;&#x9B2;&#x9BE; &#x98F;&#x995;&#x9BE;&#x9A1;&#x9C7;&#x9AE;&#x9C0;,</subfield>
    <subfield code="c">&#x9E7;&#x9EF;&#x9EE;&#x9ED; [&#x9AA;&#x9C1;&#x9A8;&#x9B0;&#x9CD;&#x9AE;&#x9C1;&#x9A6;&#x9CD;&#x9B0;&#x9A3; &#x9E7;&#x9EF;&#x9EF;&#x9EE;].</subfield>
  </datafield>
  <datafield tag="300" ind1=" " ind2=" ">
    <subfield code="a">[&#x9AC;&#x9BF;&#x9B6;], &#x9E9;&#x9EA;&#x9EE; &#x9AA;&#x9C3;. :</subfield>
    <subfield code="b">&#x99A;&#x9BF;&#x9A4;&#x9CD;&#x9B0;&#x9BE;&#x9AC;&#x9B2;&#x9C0; ;</subfield>
    <subfield code="c">&#x9E8;&#x9E7; &#x9B8;&#x9C7;&#x9AE;&#x9BF;.</subfield>
  </datafield>
  <datafield tag="490" ind1=" " ind2=" ">
    <subfield code="a">&#x9AC;&#x9BE;/&#x98F; ;</subfield>
    <subfield code="v">&#x9E7;&#x9E7;&#x9ED;&#x9EA;</subfield>
  </datafield>
  <datafield tag="500" ind1=" " ind2=" ">
    <subfield code="a">&#x9B8;&#x982;&#x9AF;&#x9C1;&#x995;&#x9CD;&#x9A4; &#x9A8;&#x9BF;&#x9B0;&#x9CD;&#x998;&#x9A3;&#x9CD;&#x99F;</subfield>
  </datafield>
  <datafield tag="650" ind1=" " ind2=" ">
    <subfield code="a">&#x996;&#x9BE;&#x9A6;&#x9CD;&#x9AF; &#x993; &#x9AA;&#x9BE;&#x9A8;&#x9C0;&#x9AF;&#x9BC;</subfield>
    <subfield code="9">144713</subfield>
  </datafield>
  <datafield tag="650" ind1=" " ind2=" ">
    <subfield code="a">Food and Drink</subfield>
    <subfield code="9">144714</subfield>
  </datafield>
  <datafield tag="830" ind1=" " ind2=" ">
    <subfield code="a">&#x9AC;&#x9BE;/&#x98F; ;</subfield>
    <subfield code="v">&#x9E7;&#x9E7;&#x9ED;&#x9EA;</subfield>
    <subfield code="9">234600</subfield>
  </datafield>
  <datafield tag="942" ind1=" " ind2=" ">
    <subfield code="2">ddc</subfield>
    <subfield code="c">BK</subfield>
  </datafield>
  <datafield tag="999" ind1=" " ind2=" ">
    <subfield code="c">47170</subfield>
    <subfield code="d">47170</subfield>
  </datafield>
  <datafield tag="952" ind1=" " ind2=" ">
    <subfield code="0">0</subfield>
    <subfield code="1">0</subfield>
    <subfield code="2">ddc</subfield>
    <subfield code="4">0</subfield>
    <subfield code="7">0</subfield>
    <subfield code="8">NFIC</subfield>
    <subfield code="a">RUCL</subfield>
    <subfield code="b">RUCL</subfield>
    <subfield code="c">Stack</subfield>
    <subfield code="d">2012-07-26</subfield>
    <subfield code="e">Dhaka, Bangla Academy</subfield>
    <subfield code="g">120.00</subfield>
    <subfield code="l">1</subfield>
    <subfield code="o">B 641 HUS 1998</subfield>
    <subfield code="r">2026-01-25 00:00:00</subfield>
    <subfield code="s">2026-01-08</subfield>
    <subfield code="t">C-2</subfield>
    <subfield code="w">2021-12-09</subfield>
    <subfield code="y">BK</subfield>
  </datafield>
  <datafield tag="952" ind1=" " ind2=" ">
    <subfield code="0">0</subfield>
    <subfield code="1">0</subfield>
    <subfield code="2">ddc</subfield>
    <subfield code="4">0</subfield>
    <subfield code="7">0</subfield>
    <subfield code="8">NFIC</subfield>
    <subfield code="a">RUCL</subfield>
    <subfield code="b">RUCL</subfield>
    <subfield code="c">Stack</subfield>
    <subfield code="d">2012-07-26</subfield>
    <subfield code="e">Dhaka, Bangla Academy</subfield>
    <subfield code="g">120.00</subfield>
    <subfield code="l">1</subfield>
    <subfield code="o">B 641 HUS 1998</subfield>
    <subfield code="r">2017-06-03 00:00:00</subfield>
    <subfield code="s">2017-04-13</subfield>
    <subfield code="t">C-3</subfield>
    <subfield code="w">2021-12-09</subfield>
    <subfield code="y">BK</subfield>
  </datafield>
  <datafield tag="952" ind1=" " ind2=" ">
    <subfield code="0">0</subfield>
    <subfield code="1">0</subfield>
    <subfield code="2">ddc</subfield>
    <subfield code="4">0</subfield>
    <subfield code="7">1</subfield>
    <subfield code="8">NFIC</subfield>
    <subfield code="a">RUCL</subfield>
    <subfield code="b">RUCL</subfield>
    <subfield code="c">Reading</subfield>
    <subfield code="d">1992-10-10</subfield>
    <subfield code="e">Dhaka, Bangla Academy</subfield>
    <subfield code="g">70.00</subfield>
    <subfield code="l">0</subfield>
    <subfield code="o">B 641 HUS 1987</subfield>
    <subfield code="r">2019-11-05 00:00:00</subfield>
    <subfield code="t">C-1</subfield>
    <subfield code="w">2021-12-09</subfield>
    <subfield code="y">BK</subfield>
  </datafield>
</record>
